| 000 | 00698nam a2200253 a 4500 | ||
|---|---|---|---|
| 001 | BRL_863 | ||
| 005 | 20190320210929.0 | ||
| 008 | 211013s1970----enka######---#000-0#eng-# | ||
| 020 | _a600359190 | ||
| 041 | _aeng | ||
| 044 | _aenk | ||
| 050 | 4 |
_aNK4315 _b.S33 1970 |
|
| 100 | 1 |
_aScavizzi, Giuseppe _925167 |
|
| 245 | 1 | 0 |
_aMaiolica, Delft and Faïence _cGiuseppe Scavizzi ; translated by Peter Locke from the Italian original. |
| 260 |
_aLondon _bHamlyn _c1970 |
||
| 300 |
_a157 p. _bil., mapas _c19 cm. |
||
| 500 | _aAu965 | ||
| 650 | 1 | 4 |
_aMayolica _97298 |
| 650 | 1 | 4 |
_aDelftware _925168 |
| 650 | 1 | 4 |
_aCerámica _91200 |
| 700 | 1 |
_aLocke, Peter _etr. _925169 |
|
| 902 | _aGRL | ||
| 942 |
_2lcc _cB |
||
| 999 |
_c9675 _d9675 |
||